Naša Niva : (Titelsatznr. 11802)
[ MARC ]
| 000 -Satzkennung | |
|---|---|
| Kontrollfeld mit fester Länge | 00476nas a22001691c 4500 |
| 001 - Kontrollnummer | |
| Kontrollfeld | a987684577 |
| 008 - Feld mit fester Länge zur physischen Beschreibung - Allgemeine Angaben | |
| Kontrollfeld mit fester Länge | 060208s1990 gw |||| 000u bel d |
| 020 ## - Internationale Standardbuchnummer | |
| Internationale Standardbuchnummer | 5343006094 |
| Verknüpfung | 5-343-00609-4 |
| 041 ## - Sprachcode | |
| Sprachcode des Textes/der Tonspur oder des separaten Titels | bel |
| 040 ## - Katalogisierungsquelle | |
| Übertragungsstelle | RU-10907106 |
| 003 - Kontrollnummer Identifier | |
| Kontrollfeld | RU-10907106 |
| 245 00 - Titel | |
| Titel | Naša Niva : |
| Zusatz zum Titel | Pervaja belorusskaja gazeta s risunkami : Faksimil'noe izdanie |
| 250 ## - Ausgabebezeichnung | |
| Ausgabebezeichnung | faks. izd |
| 264 ## - Produktion, Veröffentlichung, Distribution, Herstellung und Urheberrechtsvermerk | |
| Herstellungs-, Veröffentlichungs- Vertriebs-, Erzeugungsort | Minsk : |
| Produzent, Herausgeber, Distributor, Hersteller | Navuka i Technika, |
| Datum der Herstellung, der Veröffentlichung, des Vertriebs oder des Urheberschutzvermerks | 1990 |
| 910 00 - USER-OPTION DATA (OCLC) | |
| User-option data | 1.1990 [= 1.1906 - 3.1908] |
| 942 ## - Zusätzliche Felder (Koha) | |
| Koha-Medientyp | Monographien |
| Ausgeschieden | Verloren | Klassifikation oder Aufstellungssystematik | Beschädigt | Nicht entleihbar | Heimatbibliothek | Aufenthaltsbibliothek | Aufstellungsort | Erwerbungsdatum | Heft/Jahrgang | Inventarnummer | Signatur | Barcode | Letzte Aktivität | Preis gültig von | Koha-Medientyp |
|---|---|---|---|---|---|---|---|---|---|---|---|---|---|---|---|
| Andere/Generische Klassifikation | MWN Osteuropa | MWN Osteuropa | Lesesaal - 1 | 08/02/2006 | 1.1990 [= 1.1906 - 3.1908] | 05-08989 | XX- R 55 n Weißrl 3 | R 55 n Weißrl 3 | E00401506CBF2640 | 19/02/2021 | 22/03/2021 | Monographien |